Loading...

Psychology of adolescence. /

Bibliographic Details
Main Author: Cole, Luella
Language:Undetermined
Published: 1948,1954,1961.
Edition:Ed3,Ed4,Ed5.
LEADER 01037nam a2200181Ia 4500
001 78250
008 170722s9999 xx 000 0 und d
100 |a Cole, Luella 
245 |a Psychology of adolescence. / 
250 |a Ed3,Ed4,Ed5. 
260 |c 1948,1954,1961. 
942 |c GEN 
999 |c 44331  |d 44331 
952 |0 0  |1 0  |4 0  |6 S_2_000000000000000_H8J4J9J92  |7 0  |8 LC1  |9 61351  |a LIB  |b LIB  |d 2017-08-12  |h LC1  |o S2 H8,J4,J9-J9;2  |p 47785  |r 2017-08-12  |w 2017-08-12  |y GEN 
952 |0 0  |1 0  |4 0  |6 S_2_000000000000000_H8J4J9J92  |7 0  |8 LC1  |9 61352  |a LIB  |b LIB  |d 2017-08-12  |h LC1  |o S2 H8,J4,J9-J9;2  |p 49393  |r 2017-08-12  |w 2017-08-12  |y GEN 
952 |0 0  |1 0  |4 0  |6 S_2_000000000000000_H8J4J9J92  |7 0  |8 LC1  |9 61353  |a LIB  |b LIB  |d 2017-08-12  |h LC1  |o S2 H8,J4,J9-J9;2  |p 83753  |r 2017-08-12  |w 2017-08-12  |y GEN 
952 |0 0  |1 0  |4 0  |6 S_2_000000000000000_H8J4J9J92  |7 0  |8 LC1  |9 61354  |a LIB  |b LIB  |d 2017-08-12  |h LC1  |o S2 H8,J4,J9-J9;2  |p 83754  |r 2017-08-12  |w 2017-08-12  |y GEN 
952 |0 0  |1 0  |4 0  |6 S_2_000000000000000_H8J4J9J92  |7 0  |8 LC1  |9 61355  |a LIB  |b LIB  |d 2017-08-12  |h LC1  |o S2 H8,J4,J9-J9;2  |p 100299  |r 2017-08-12  |w 2017-08-12  |y GEN